El pan de la locura /
Guardado en:
| Autor Principal: | |
|---|---|
| Formato: | Libro |
| Publicado: |
Buenos Aires :
Colihue,
1993
|
| Series: | Leer y Crear
|
| Materias: | |
| Etiquetas: |
Agregar Etiqueta
Sin Etiquetas, Sea el primero en etiquetar este registro!
|
| LEADER | 00663nam a22002295a 4500 | ||
|---|---|---|---|
| 001 | CEM.cems007484 | ||
| 005 | 20110415101212.0 | ||
| 008 | 130507s1993##################000#0#####d | ||
| 003 | CEMS | ||
| 020 | |a 9505811012 | ||
| 082 | 0 | 4 | |a A862.4 |
| 100 | 1 | |a Gorostiza, Carlos | |
| 245 | 1 | 0 | |a El pan de la locura / |c Carlos Gorostiza |
| 260 | |a Buenos Aires : |b Colihue, |c 1993 | ||
| 300 | |a 133 p. | ||
| 490 | 0 | |a Leer y Crear | |
| 653 | |a Literatura | ||
| 653 | |a Literatura argentina | ||
| 653 | |a Teatro | ||
| 653 | |a Teatro argentino | ||
| 859 | |a CEMS |b BIB. CEMS - 11 de abril |h A862.4 |i G683 |p 17527.94 |t Ej.1 | ||
| 859 | |a CEMS |b BIB. CEMS - 11 de abril |h A862.4 |i G683 |p 20590.99 |t Ej.2 | ||
